| 000 | 00419cam a2200169ua 4500 | ||
|---|---|---|---|
| 041 |
_amal _h |
||
| 082 |
_a894.8127 _bSUK/OR |
||
| 100 | _aSukumar, . | ||
| 245 |
_aOru Non-Gazetted Chiri / _cSukumar. _hTextual Documents |
||
| 250 |
_a1 / _b. |
||
| 260 |
_aQuilon : _bSree Rama Vilasam Press & Book Depot , _c1961. |
||
| 300 | _a171 ; . | ||
| 504 | _a | ||
| 942 | _cBK | ||
| 999 |
_c3783 _d3783 |
||